000 00697nam a2200229Ia 4500
008 160517s9999 xx 000 0 und d
050 _aHQ 734
050 _b.K19 2016
100 _aKatigbak, Ysabelle Louise A.
245 _aConcept of family communication in reality shows and how it affects filipino college students /
245 _cYsabelle Louise A. Katigbak.
260 _aLas PiƱas, Philippines :
260 _bSISC,
260 _c2016.
300 _a67 pages :
300 _billustrations ;
300 _c28 cm.
500 _aIncludes bibliographical references and appendices.
521 _aMass Communication
650 _aCommunication in the family.
942 _cTH
999 _c293903
_d293903